[Event "Florianopolis op 9th"]
[Site "Florianopolis"]
[Date "2023.01.29"]
[Round "10"]
[White "Ramazzotte, Esther Zilli"]
[Black "Arndt, Claudio Felipe"]
[Result "1-0"]
[WhiteElo "1291"]
[BlackElo "1744"]
[PlyCount "79"]
[EventDate "2023.01.23"]
[EventType "swiss"]
[EventRounds "10"]
[EventCountry "BRA"]
[SourceTitle "CBM 212 Extra"]
[Source "ChessBase"]
[SourceDate "2023.03.31"]
[SourceVersion "1"]
[SourceVersionDate "2023.03.31"]
[SourceQuality "1"]

1. d4 Nf6 2. c4 e6 3. Nf3 d5 4. Bg5 c6 5. Nc3 Nbd7 6. e3 Qa5 7. Bxf6 Nxf6 8. Rc1 Bd6 9. c5 Bb8 10. Bd3 0-0 11. 0-0 Qd8 12. b4 Nd7 13. a4 f5 14. b5 Qf6 15. Bc2 g5 16. bxc6 bxc6 17. Qd3 Qh6 18. g3 a5 19. Rb1 Ba6 20. Nb5 Bc7 21. Qd2 Bd8 22. Rfc1 g4 23. Ne1 Qg6 24. Nd6 h5 25. Ng2 Qh6 26. Bd3 Bxd3 27. Qxd3 h4 28. Rb7 Nf6 29. Nf4 Ne4 30. Qe2 Bg5 31. Nxe4 dxe4 32. Rcb1 Bxf4 33. gxf4 Kh8 34. Rc7 Rab8 35. Rb6 Rg8 36. Qb2 Rxb6 37. cxb6 Qf6 38. b7 g3 39. b8Q gxh2+ 40. Kxh2 1-0

[Event "Timbo U2200 op 2nd"]
[Site "Timbo"]
[Date "2022.08.13"]
[Round "4"]
[White "Feliciano, Nilo"]
[Black "Arndt, Claudio Felipe"]
[Result "1-0"]
[WhiteElo "1952"]
[BlackElo "1751"]
[PlyCount "35"]
[EventDate "2022.08.12"]
[EventType "swiss"]
[EventRounds "6"]
[EventCountry "BRA"]
[SourceTitle "EXT 2024"]
[Source "ChessBase"]
[SourceDate "2023.10.10"]
[SourceVersion "1"]
[SourceVersionDate "2023.10.10"]
[SourceQuality "1"]

1. d4 Nf6 2. Bf4 e6 3. Nf3 b6 4. e3 Bb7 5. Bd3 Bd6 6. Bg3 0-0 7. Nbd2 h6 8. e4 Nh5 9. e5 Be7 10. Qe2 c5 11. Ne4 Nxg3 12. hxg3 d5 13. exd6 Bxd6 14. dxc5 bxc5 15. 0-0-0 Kh8 16. Qe3 Bc7 17. Rxh6+ Kg8 18. Nf6+ 1-0

[Event "Florianopolis op 7th"]
[Site "Florianopolis"]
[Date "2021.01.21"]
[Round "6"]
[White "Metidieri, Diogenes Galavotti"]
[Black "Arndt, Claudio Felipe"]
[Result "0-1"]
[WhiteElo "1179"]
[BlackElo "1759"]
[PlyCount "112"]
[EventDate "2021.01.18"]
[EventType "swiss"]
[EventRounds "10"]
[EventCountry "BRA"]
[SourceTitle "CBM 200 Extra"]
[Source "ChessBase"]
[SourceDate "2021.03.31"]
[SourceVersion "1"]
[SourceVersionDate "2021.03.31"]
[SourceQuality "1"]

1. e4 c5 2. Nf3 g6 3. c3 Bg7 4. d4 cxd4 5. cxd4 Nc6 6. Be3 Nf6 7. Nc3 d5 8. e5 Ng8 9. Bb5 f6 10. Bxc6+ bxc6 11. 0-0 Bg4 12. h3 Bxf3 13. Qxf3 fxe5 14. dxe5 Bxe5 15. Bg5 Bf6 16. Qg4 Qc8 17. Qh4 Qf5 18. f4 h6 19. Bxf6 Qxf6 20. Qf2 h5 21. Rae1 Nh6 22. Na4 Nf5 23. Nc5 Qd4 24. Qxd4 Nxd4 25. Ne6 Nxe6 26. Rxe6 Kd7 27. Rxg6 Rab8 28. b3 Rb6 29. Rg7 Rh6 30. Re1 Re6 31. Rxe6 Kxe6 32. g4 hxg4 33. hxg4 Kf6 34. Rg5 e6 35. Kf2 Ra6 36. a4 Rb6 37. Rh5 Rxb3 38. Rh6+ Kf7 39. g5 Rb4 40. a5 Rxf4+ 41. Kg3 Rf5 42. Rh7+ Kg6 43. Rxa7 Rxg5+ 44. Kf4 e5+ 45. Ke3 Rg3+ 46. Kd2 Kf5 47. Rf7+ Ke6 48. Rb7 Ra3 49. Ra7 Kd6 50. Kc2 Kc5 51. Kb2 Ra4 52. a6 Kb6 53. Re7 e4 54. a7 Rxa7 55. Rxa7 Kxa7 56. Kc3 c5 0-1

[Event "Florianopolis op 7th"]
[Site "Florianopolis"]
[Date "2021.01.20"]
[Round "4"]
[White "Dias, Anderson Tatsch"]
[Black "Arndt, Claudio Felipe"]
[Result "1/2-1/2"]
[WhiteElo "2148"]
[BlackElo "1759"]
[PlyCount "100"]
[EventDate "2021.01.18"]
[EventType "swiss"]
[EventRounds "10"]
[EventCountry "BRA"]
[SourceTitle "CBM 200 Extra"]
[Source "ChessBase"]
[SourceDate "2021.03.31"]
[SourceVersion "1"]
[SourceVersionDate "2021.03.31"]
[SourceQuality "1"]

1. c4 e5 2. Nc3 Nf6 3. g3 Nc6 4. Bg2 Bb4 5. Nf3 d6 6. Qc2 0-0 7. 0-0 h6 8. d3 Be6 9. a3 Bxc3 10. Qxc3 Qd7 11. b4 Bh3 12. b5 Nd8 13. a4 Bxg2 14. Kxg2 Ne6 15. Ba3 e4 16. Ng1 Rfe8 17. Bb2 exd3 18. Qxd3 Nc5 19. Qc2 Qe6 20. f3 Nfd7 21. Rfd1 Ne5 22. Rd5 Qg6 23. e4 f6 24. Ne2 Ne6 25. h3 Qh5 26. Rf1 Qf7 27. f4 Nd7 28. a5 Nec5 29. e5 dxe5 30. fxe5 c6 31. bxc6 bxc6 32. Rxc5 Nxc5 33. exf6 Re4 34. fxg7 Qxc4 35. Nc3 Rae8 36. Rf8+ Rxf8 37. gxf8Q+ Kxf8 38. Qf2+ Ke8 39. Nxe4 Qxe4+ 40. Kh2 Nd3 41. Qc2 Qf3 42. Bd4 Ne1 43. Qg6+ Kd7 44. Qg7+ Kc8 45. Qh8+ Kd7 46. Qg7+ Kc8 47. Qg8+ Kd7 48. Qg7+ Kc8 49. Qh8+ Kd7 50. Qg7+ Kc8 1/2-1/2

[Event "Florianopolis op 7th"]
[Site "Florianopolis"]
[Date "2021.01.18"]
[Round "1"]
[White "Arndt, Claudio Felipe"]
[Black "Carvalho, Lazaro Miranda"]
[Result "0-1"]
[WhiteElo "1759"]
[BlackElo "1994"]
[PlyCount "90"]
[EventDate "2021.01.18"]
[EventType "swiss"]
[EventRounds "10"]
[EventCountry "BRA"]
[SourceTitle "CBM 200 Extra"]
[Source "ChessBase"]
[SourceDate "2021.03.31"]
[SourceVersion "1"]
[SourceVersionDate "2021.03.31"]
[SourceQuality "1"]

1. d4 d5 2. Bf4 Nf6 3. e3 e6 4. c3 Bd6 5. Bxd6 cxd6 6. Nf3 0-0 7. Be2 Nc6 8. 0-0 Rb8 9. a4 a6 10. Na3 Bd7 11. b4 Ne4 12. Qb3 Rc8 13. Rac1 Ne7 14. Rfd1 Ng6 15. Nd2 Qg5 16. Nxe4 dxe4 17. Kh1 f5 18. Nc4 Qe7 19. Nb6 Rcd8 20. c4 Kh8 21. c5 d5 22. b5 axb5 23. axb5 f4 24. Nxd7 Rxd7 25. Bf1 Rc7 26. Ra1 h5 27. b6 Rcc8 28. Ra7 f3 29. g3 h4 30. Rc1 hxg3 31. fxg3 Rc6 32. Qb5 Qg5 33. Rc3 f2 34. Rxb7 Rf3 35. Rb8+ Kh7 36. Qe2 e5 37. b7 exd4 38. Rc8 Ne7 39. Rh8+ Kxh8 40. b8Q+ Rc8 41. Qd6 dxc3 42. Qd7 Kg8 43. Qa6 c2 44. Qae6+ Rf7 45. Kg2 c1Q 0-1

[Event "Florianopolis op 6th"]
[Site "Florianopolis"]
[Date "2020.01.24"]
[Round "7"]
[White "Volkmann, Andre Jordi"]
[Black "Arndt, Claudio Felipe"]
[Result "1-0"]
[WhiteElo "2040"]
[BlackElo "1728"]
[PlyCount "75"]
[EventDate "2020.01.20"]
[EventType "swiss"]
[EventRounds "10"]
[EventCountry "BRA"]
[SourceTitle "CBM 194 Extra"]
[Source "ChessBase"]
[SourceDate "2020.03.31"]
[SourceVersion "1"]
[SourceVersionDate "2020.03.31"]
[SourceQuality "1"]

1. b4 e5 2. Bb2 Bxb4 3. Bxe5 Nf6 4. Nf3 d6 5. Bb2 0-0 6. e3 Nc6 7. Be2 Qe7 8. 0-0 Bf5 9. c4 Ne5 10. Nd4 Bxb1 11. Rxb1 c5 12. Nc2 Ba5 13. f4 Ng6 14. Bxf6 gxf6 15. Bf3 Rab8 16. Rb5 Bd8 17. Qb1 b6 18. Na3 Qd7 19. Qb2 f5 20. Nb1 Qe6 21. Bd5 Qf6 22. Nc3 Ne7 23. Bf3 Qh8 24. Qb1 h5 25. Bd5 h4 26. Rf3 Nxd5 27. Nxd5 Qh5 28. a4 Rb7 29. a5 f6 30. axb6 axb6 31. Nxb6 Rg7 32. Rf2 Kh7 33. Nd5 Rfg8 34. Rb7 Qg4 35. Rxg7+ Rxg7 36. g3 Qh3 37. Qe1 Ba5 38. g4 1-0

[Event "Florianopolis op 6th"]
[Site "Florianopolis"]
[Date "2020.01.23"]
[Round "6"]
[White "Arndt, Claudio Felipe"]
[Black "Da Silva, Paolo Ghiu M Rego"]
[Result "1/2-1/2"]
[WhiteElo "1728"]
[BlackElo "2171"]
[PlyCount "41"]
[EventDate "2020.01.20"]
[EventType "swiss"]
[EventRounds "10"]
[EventCountry "BRA"]
[SourceTitle "CBM 194 Extra"]
[Source "ChessBase"]
[SourceDate "2020.03.31"]
[SourceVersion "1"]
[SourceVersionDate "2020.03.31"]
[SourceQuality "1"]

1. d4 Nf6 2. Bf4 e6 3. e3 c5 4. c3 b6 5. Nd2 Bb7 6. Ngf3 Be7 7. h3 0-0 8. Bd3 d6 9. 0-0 Nbd7 10. Qe2 Re8 11. e4 cxd4 12. cxd4 Rc8 13. Rac1 Rxc1 14. Rxc1 a6 15. Bb1 Qa8 16. Kh1 Rc8 17. Rxc8+ Qxc8 18. Qd3 Nf8 19. Kh2 Ng6 20. Be3 Qc6 21. Qc2 1/2-1/2

[Event "Florianopolis op 6th"]
[Site "Florianopolis"]
[Date "2020.01.22"]
[Round "4"]
[White "Arndt, Claudio Felipe"]
[Black "Fiaes, Mario Henrique"]
[Result "1/2-1/2"]
[WhiteElo "1728"]
[BlackElo "2126"]
[PlyCount "121"]
[EventDate "2020.01.20"]
[EventType "swiss"]
[EventRounds "10"]
[EventCountry "BRA"]
[SourceTitle "CBM 194 Extra"]
[Source "ChessBase"]
[SourceDate "2020.03.31"]
[SourceVersion "1"]
[SourceVersionDate "2020.03.31"]
[SourceQuality "1"]

1. d4 Nf6 2. Bf4 e6 3. e3 b6 4. Nf3 Bb7 5. Nbd2 d6 6. h3 Nbd7 7. Bd3 Qe7 8. Bg5 h6 9. Bh4 g5 10. Bg3 Bg7 11. e4 0-0-0 12. Qe2 Kb8 13. a4 e5 14. d5 Nc5 15. b4 Nxd3+ 16. Qxd3 Nxd5 17. c3 Nf4 18. Bxf4 gxf4 19. c4 f5 20. 0-0 Bf6 21. a5 Rhg8 22. axb6 axb6 23. Rfc1 Qh7 24. Qa3 fxe4 25. c5 dxc5 26. bxc5 Qg7 27. Ne1 bxc5 28. Rcb1 Kc8 29. Rxb7 Rxd2 30. Qa4 Kd8 31. Qa8+ Kd7 32. Qa4+ Ke6 33. Qc4+ Kf5 34. Qxc5 e3 35. g4+ fxg3 36. f4 Qd7 37. fxe5 Bxe5 38. Rb5 Re8 39. Raa5 Qd6 40. Qxe3 Qd4 41. Rxe5+ Rxe5 42. Rxe5+ Qxe5 43. Qxe5+ Kxe5 44. Nf3+ Kf4 45. Nxd2 c5 46. Kg2 h5 47. h4 Kg4 48. Ne4 c4 49. Nxg3 c3 50. Ne2 c2 51. Nc1 Kxh4 52. Kh2 Kg4 53. Kg2 Kf4 54. Kh3 Ke3 55. Kh4 Kd2 56. Nb3+ Kc3 57. Nc1 Kb2 58. Nd3+ Kc3 59. Nc1 Kd2 60. Nb3+ Kd3 61. Kxh5 1/2-1/2

[Event "Florianopolis op 6th"]
[Site "Florianopolis"]
[Date "2020.01.21"]
[Round "2"]
[White "Arndt, Claudio Felipe"]
[Black "Custodio, Leandro"]
[Result "1/2-1/2"]
[WhiteElo "1728"]
[BlackElo "1994"]
[PlyCount "92"]
[EventDate "2020.01.20"]
[EventType "swiss"]
[EventRounds "10"]
[EventCountry "BRA"]
[SourceTitle "CBM 194 Extra"]
[Source "ChessBase"]
[SourceDate "2020.03.31"]
[SourceVersion "1"]
[SourceVersionDate "2020.03.31"]
[SourceQuality "1"]

1. d4 Nf6 2. Bf4 e6 3. e3 b6 4. Nf3 Bb7 5. h3 Bd6 6. Bxd6 cxd6 7. Nbd2 0-0 8. Bd3 d5 9. Qe2 Ne4 10. 0-0 f5 11. c4 g5 12. Nh2 Nxd2 13. Qxd2 h5 14. f3 dxc4 15. Bxc4 d5 16. Bb3 Kh8 17. Rae1 Nc6 18. Bd1 Qf6 19. f4 g4 20. g3 Ba6 21. Be2 Bxe2 22. Qxe2 Rf7 23. h4 Rc7 24. Rc1 Rac8 25. Qd2 Qe7 26. Rc3 Na5 27. Rfc1 Nb7 28. R1c2 Nd6 29. Qc1 Rxc3 30. Rxc3 Rxc3 31. Qxc3 Qd7 32. Nf1 Ne4 33. Qc2 Kg7 34. Kg2 Kf7 35. Nd2 Nxd2 36. Qxd2 Qb5 37. b3 Ke7 38. Kf2 a5 39. Qe2 Qc6 40. Qd2 a4 41. Qb4+ Kd8 42. bxa4 Qc2+ 43. Ke1 Qc1+ 44. Ke2 Qc2+ 45. Ke1 Qc1+ 46. Ke2 Qc2+ 1/2-1/2

[Event "Florianopolis op 6th"]
[Site "Florianopolis"]
[Date "2020.01.21"]
[Round "3"]
[White "Portes Junior, Dirceu Atanazio"]
[Black "Arndt, Claudio Felipe"]
[Result "0-1"]
[WhiteElo "1969"]
[BlackElo "1728"]
[PlyCount "45"]
[EventDate "2020.01.20"]
[EventType "swiss"]
[EventRounds "10"]
[EventCountry "BRA"]
[SourceTitle "CBM 194 Extra"]
[Source "ChessBase"]
[SourceDate "2020.03.31"]
[SourceVersion "1"]
[SourceVersionDate "2020.03.31"]
[SourceQuality "1"]

1. d4 Nf6 2. c4 c5 3. d5 b5 4. cxb5 a6 5. bxa6 g6 6. Nc3 Bxa6 7. Nf3 d6 8. g3 Bg7 9. Bg2 0-0 10. 0-0 Nbd7 11. Kh1 Qa5 12. Qc2 Rfb8 13. Rd1 Ng4 14. Bg5 Re8 15. Bd2 Nde5 16. Nxe5 Nxe5 17. Be1 Reb8 18. b3 Qa3 19. Bh3 Ra7 20. f4 Nd7 21. Qe4 Qb4 22. Qc2 Rab7 23. a4 0-1

[Event "Sao Bento do Sul op"]
[Site "Sao Bento do Sul"]
[Date "2019.08.24"]
[Round "4"]
[White "Arndt, Claudio Felipe"]
[Black "Blanco, Marcos"]
[Result "0-1"]
[WhiteElo "1696"]
[BlackElo "1995"]
[PlyCount "112"]
[EventDate "2019.08.23"]
[EventType "swiss"]
[EventRounds "7"]
[EventCountry "BRA"]
[SourceTitle "EXT 2020"]
[Source "ChessBase"]
[SourceDate "2019.10.17"]
[SourceVersion "1"]
[SourceVersionDate "2019.10.17"]
[SourceQuality "1"]

1. d4 Nf6 2. Bf4 e6 3. e3 b6 4. Nf3 Bb7 5. h3 d6 6. Be2 Nbd7 7. 0-0 Qe7 8. Nbd2 g6 9. c3 Bg7 10. a4 a5 11. Nc4 0-0 12. Nfd2 e5 13. dxe5 Nxe5 14. Nxe5 dxe5 15. Bh2 Rad8 16. Qc2 Kh8 17. Nc4 Nd7 18. e4 Nc5 19. f3 f6 20. Kh1 Ne6 21. Rad1 Bh6 22. Rxd8 Rxd8 23. Rd1 Bc6 24. Rxd8+ Qxd8 25. Qd1 Qxd1+ 26. Bxd1 Nc5 27. b3 Nd3 28. Bc2 Nf4 29. Na3 Ne2 30. c4 Be3 31. Nb1 Kg8 32. Bd1 Nd4 33. Bg1 Bxg1 34. Kxg1 Kf7 35. Kf2 Ke6 36. Ke3 Kd6 37. Kd3 h5 38. Nc3 h4 39. Ne2 Ne6 40. Bc2 Bd7 41. Kc3 Kc5 42. Bd3 c6 43. Nc1 Nf4 44. Bf1 b5 45. axb5 cxb5 46. Nd3+ Nxd3 47. Bxd3 b4+ 48. Kd2 Kd4 49. Bc2 Be6 50. Bd1 a4 51. bxa4 Bxc4 52. Be2 Bxe2 53. Kxe2 Kc5 54. Kd3 Kb6 55. Kc2 Ka5 56. Kb3 g5 0-1

[Event "Sao Bento do Sul op"]
[Site "Sao Bento do Sul"]
[Date "2019.08.23"]
[Round "1"]
[White "Darcanal, Emanuele1111"]
[Black "Arndt, Claudio Felipe"]
[Result "0-1"]
[WhiteElo "1071"]
[BlackElo "1696"]
[PlyCount "68"]
[EventDate "2019.08.23"]
[EventType "swiss"]
[EventRounds "7"]
[EventCountry "BRA"]
[SourceTitle "EXT 2020"]
[Source "ChessBase"]
[SourceDate "2019.10.17"]
[SourceVersion "1"]
[SourceVersionDate "2019.10.17"]
[SourceQuality "1"]

1. d4 Nf6 2. Bf4 g6 3. Nf3 Bg7 4. e3 0-0 5. h3 d6 6. Be2 Nfd7 7. 0-0 e5 8. dxe5 dxe5 9. Bg3 e4 10. Nd4 c5 11. Nb3 Bxb2 12. N1d2 Bxa1 13. Qxa1 Qe7 14. Bg4 f5 15. Be2 Qf6 16. Qxf6 Rxf6 17. Bh4 Rf8 18. Bb5 Nc6 19. Bxc6 bxc6 20. Na5 Ba6 21. Re1 Rab8 22. Rb1 Rxb1+ 23. Nxb1 Rb8 24. Nd2 Rb2 25. Nxc6 Rxc2 26. Nf1 Rc1 27. Nxa7 Rxf1+ 28. Kh2 c4 29. Be7 c3 30. Nc6 c2 31. Nb4 c1Q 32. Nxa6 Rh1+ 33. Kg3 Nb8 34. Nxb8 Qc7+ 0-1

[Event "Concordia op 5th"]
[Site "Concordia"]
[Date "2019.05.02"]
[Round "4"]
[White "Arndt, Claudio Felipe"]
[Black "Ikejiri, Daniel Yoshito"]
[Result "0-1"]
[WhiteElo "1664"]
[BlackElo "2002"]
[PlyCount "80"]
[EventDate "2019.05.01"]
[EventType "swiss"]
[EventRounds "9"]
[EventCountry "BRA"]
[SourceTitle "CBM 190 Extra"]
[Source "ChessBase"]
[SourceDate "2019.07.15"]
[SourceVersion "1"]
[SourceVersionDate "2019.07.15"]
[SourceQuality "1"]

1. d4 d5 2. Bf4 Nf6 3. e3 c5 4. c3 Nc6 5. Nd2 Bf5 6. Ngf3 Qb6 7. Qc1 h6 8. h3 e6 9. Be2 Be7 10. 0-0 0-0 11. a4 c4 12. Ne5 Nxe5 13. Bxe5 Ne4 14. a5 Qc6 15. f3 Nxd2 16. Qxd2 b5 17. Bd1 Bd6 18. Bxd6 Qxd6 19. f4 Rab8 20. g4 Bd3 21. Rf2 b4 22. Bc2 bxc3 23. Qxc3 Bxc2 24. Rxc2 Rb3 25. Qd2 Rfb8 26. Qf2 Qb4 27. Ra2 a6 28. g5 hxg5 29. fxg5 Rb5 30. g6 fxg6 31. Qg3 Rxa5 32. Rxa5 Qxa5 33. Kh2 Qb6 34. Qxg6 Qb8+ 35. Kh1 Rxe3 36. Rf2 Rxh3+ 37. Kg2 Qh2+ 38. Kf1 Qh1+ 39. Ke2 Qe4+ 40. Qxe4 dxe4 0-1

[Event "Florianopolis op 5th"]
[Site "Florianopolis"]
[Date "2019.01.27"]
[Round "10"]
[White "Arndt, Claudio Felipe"]
[Black "Flores, Clarice Soares Leit"]
[Result "1-0"]
[WhiteElo "1693"]
[BlackElo "1406"]
[PlyCount "75"]
[EventDate "2019.01.21"]
[EventType "swiss"]
[EventRounds "10"]
[EventCountry "BRA"]
[SourceTitle "EXT 2020"]
[Source "ChessBase"]
[SourceDate "2019.10.17"]
[SourceVersion "1"]
[SourceVersionDate "2019.10.17"]
[SourceQuality "1"]

1. e4 c5 2. Nf3 g6 3. d4 cxd4 4. Qxd4 Nf6 5. e5 Nc6 6. Qa4 Nd5 7. Qb3 Nb6 8. a4 d5 9. a5 Nc4 10. Bxc4 dxc4 11. Qxc4 Nxa5 12. Qb5+ Nc6 13. 0-0 Bg7 14. Nc3 a6 15. Qc5 Bd7 16. Bf4 0-0 17. Rfd1 b6 18. Qe3 Qc8 19. Nd5 Qb7 20. Qxb6 Rfb8 21. Qxb7 Rxb7 22. b3 Bf5 23. Ne3 Be4 24. Ng5 Bf5 25. Nxf5 gxf5 26. Nf3 Rb4 27. g3 Rb5 28. Re1 Nb4 29. Re2 Nd5 30. Bd2 Nb4 31. Bxb4 Rxb4 32. Nd2 Rb7 33. f4 Rc7 34. Nc4 Raa7 35. Rd2 Bf8 36. Rd8 Kg7 37. Rb8 Kg6 38. Rxf8 1-0

[Event "Florianopolis op 5th"]
[Site "Florianopolis"]
[Date "2019.01.26"]
[Round "8"]
[White "Arndt, Claudio Felipe"]
[Black "Koinski, Carlos Cesar"]
[Result "1-0"]
[WhiteElo "1693"]
[BlackElo "1462"]
[PlyCount "58"]
[EventDate "2019.01.21"]
[EventType "swiss"]
[EventRounds "10"]
[EventCountry "BRA"]
[SourceTitle "CBM 188 Extra"]
[Source "ChessBase"]
[SourceDate "2019.02.26"]
[SourceVersion "1"]
[SourceVersionDate "2019.02.26"]
[SourceQuality "1"]

1. e4 e5 2. Nf3 d6 3. d4 exd4 4. Qxd4 a6 5. Bg5 f6 6. Bf4 Nc6 7. Qd2 Nge7 8. Bc4 Ng6 9. Bg3 Qe7 10. 0-0 Be6 11. Bxe6 Qxe6 12. Nc3 Be7 13. Nd5 Bd8 14. Rfe1 0-0 15. c4 Nce5 16. Nd4 Qf7 17. b3 Qd7 18. f4 Nc6 19. Rac1 Nxd4 20. Qxd4 Re8 21. f5 Ne5 22. Nf4 Kh8 23. Ne6 Be7 24. Rc3 Rg8 25. Qd1 b6 26. Bxe5 fxe5 27. Rh3 g6 28. Qg4 gxf5 29. Rxh7+ Kxh7 1-0

[Event "Florianopolis op 5th"]
[Site "Florianopolis"]
[Date "2019.01.25"]
[Round "7"]
[White "Souza, Rodrigo Vilas Boas"]
[Black "Arndt, Claudio Felipe"]
[Result "1-0"]
[WhiteElo "1924"]
[BlackElo "1693"]
[PlyCount "51"]
[EventDate "2019.01.21"]
[EventType "swiss"]
[EventRounds "10"]
[EventCountry "BRA"]
[SourceTitle "CBM 188 Extra"]
[Source "ChessBase"]
[SourceDate "2019.02.26"]
[SourceVersion "1"]
[SourceVersionDate "2019.02.26"]
[SourceQuality "1"]

1. e4 c6 2. d4 d5 3. Nc3 dxe4 4. Nxe4 Bf5 5. Ng3 Bg6 6. h4 h6 7. N1e2 e6 8. Nf4 Bh7 9. Bc4 Nf6 10. 0-0 Nd5 11. Qg4 Qf6 12. Re1 Nxf4 13. Bxf4 Kd8 14. Bxe6 fxe6 15. Rxe6 Qf7 16. Rae1 Nd7 17. Re8+ Qxe8 18. Rxe8+ Kxe8 19. Bc7 Ke7 20. Qe2+ Kf7 21. Qc4+ Kf6 22. Nh5+ Kf5 23. Ng3+ Kf6 24. Nh5+ Kf5 25. Qf7+ Nf6 26. f3 1-0

[Event "Florianopolis op 5th"]
[Site "Florianopolis"]
[Date "2019.01.22"]
[Round "3"]
[White "Soares, Reynaldo Magalhaes"]
[Black "Arndt, Claudio Felipe"]
[Result "1-0"]
[WhiteElo "1972"]
[BlackElo "1693"]
[PlyCount "42"]
[EventDate "2019.01.21"]
[EventType "swiss"]
[EventRounds "10"]
[EventCountry "BRA"]
[SourceTitle "CBM 188 Extra"]
[Source "ChessBase"]
[SourceDate "2019.02.26"]
[SourceVersion "1"]
[SourceVersionDate "2019.02.26"]
[SourceQuality "1"]

1. d4 Nf6 2. c4 c5 3. d5 b5 4. cxb5 a6 5. bxa6 g6 6. b3 d6 7. Bb2 Bg7 8. g3 0-0 9. Bg2 Bxa6 10. Nh3 Nbd7 11. 0-0 Qb8 12. Bc3 Ne8 13. Bxg7 Kxg7 14. Qd2 Nef6 15. Nf4 Qb4 16. Nc3 Ne5 17. Rfc1 Qa3 18. h4 h5 19. Rc2 c4 20. Nb1 Qc5 21. b4 Qb6 1-0

[Event "Sao Bento do Sul op 08"]
[Site "Sao Bento do Sul"]
[Date "2018.08.25"]
[Round "3"]
[White "Arndt, Claudio Felipe"]
[Black "Ferraz, Dimitri Vinicius da"]
[Result "1-0"]
[WhiteElo "1697"]
[BlackElo "1341"]
[PlyCount "49"]
[EventDate "2018.08.24"]
[EventType "swiss"]
[EventRounds "6"]
[EventCountry "BRA"]
[SourceTitle "EXT 2021"]
[Source "ChessBase"]
[SourceDate "2020.10.23"]
[SourceVersion "1"]
[SourceVersionDate "2020.10.23"]
[SourceQuality "1"]

1. d4 d5 2. Bf4 Nf6 3. e3 e6 4. c3 Bd6 5. Bxd6 Qxd6 6. f4 0-0 7. Nf3 c5 8. a3 Nc6 9. Bd3 b6 10. Nbd2 Bb7 11. 0-0 Rac8 12. Ne5 Ne7 13. Qe2 Ng6 14. Rf3 Ne4 15. Bxe4 dxe4 16. Rh3 f5 17. Qh5 Nxe5 18. fxe5 Qd7 19. Qxh7+ Kf7 20. Qh5+ Ke7 21. Qg5+ Ke8 22. Nc4 Kf7 23. Nd6+ Kg8 24. Qh5 g6 25. Qh8# 1-0

[Event "Santa Catarina-chT"]
[Site "Piratuba"]
[Date "2018.04.15"]
[Round "5.2"]
[White "Kanzler, Karina Daniela"]
[Black "Arndt, Claudio Felipe"]
[Result "1-0"]
[WhiteElo "1862"]
[BlackElo "1688"]
[PlyCount "89"]
[EventDate "2018.04.13"]
[EventType "team-swiss"]
[EventRounds "5"]
[EventCountry "BRA"]
[SourceTitle "CBM 184 Extra"]
[Source "ChessBase"]
[SourceDate "2018.06.28"]
[SourceVersion "1"]
[SourceVersionDate "2018.06.28"]
[SourceQuality "1"]
[WhiteTeam "Jaragua do Sul"]
[BlackTeam "Rio do Sul"]
[WhiteTeamCountry "BRA"]
[BlackTeamCountry "BRA"]

1. b3 d5 2. Bb2 Nf6 3. Nf3 Bf5 4. e3 h6 5. Bb5+ c6 6. Be2 e6 7. 0-0 Nbd7 8. d3 Be7 9. Nbd2 0-0 10. a3 Nc5 11. Ne5 Nfd7 12. f4 Nxe5 13. Bxe5 Nd7 14. Bc3 Bc5 15. Rf3 f6 16. Kh1 Bh7 17. e4 d4 18. Bb2 Qe7 19. b4 Bb6 20. Nc4 e5 21. f5 Bc7 22. Rg3 b5 23. Nd2 a5 24. bxa5 Rxa5 25. Nf3 Bd6 26. Qd2 Rfa8 27. Qxh6 Nf8 28. Rg1 Bxa3 29. Bxa3 Rxa3 30. Bd1 c5 31. Nh4 Kh8 32. Qh5 Qe8 33. Ng6+ Kg8 34. Qg4 Bxg6 35. fxg6 Ne6 36. Qh5 Kf8 37. Bg4 Ke7 38. Qf5 Qc6 39. Rh3 Rg8 40. Rh7 Nf8 41. Rh3 c4 42. dxc4 Rxh3 43. Bxh3 bxc4 44. Ra1 Nd7 45. Ra6 1-0

[Event "Santa Catarina-chT"]
[Site "Piratuba"]
[Date "2018.04.13"]
[Round "1.2"]
[White "Yamamoto, Eduardo Akio"]
[Black "Arndt, Claudio Felipe"]
[Result "1-0"]
[WhiteElo "2162"]
[BlackElo "1688"]
[PlyCount "73"]
[EventDate "2018.04.13"]
[EventType "team-swiss"]
[EventRounds "5"]
[EventCountry "BRA"]
[SourceTitle "CBM 184 Extra"]
[Source "ChessBase"]
[SourceDate "2018.06.28"]
[SourceVersion "1"]
[SourceVersionDate "2018.06.28"]
[SourceQuality "1"]
[WhiteTeam "Caita"]
[BlackTeam "Rio do Sul"]
[WhiteTeamCountry "BRA"]
[BlackTeamCountry "BRA"]

1. e4 c6 2. d4 d5 3. Nd2 dxe4 4. Nxe4 Nd7 5. Nf3 Ngf6 6. Ng3 e6 7. Bc4 Be7 8. 0-0 0-0 9. Qe2 b6 10. Re1 Nd5 11. Bb3 Qc7 12. c4 Nf4 13. Qe4 Ng6 14. h4 Nf6 15. Qe2 Bb7 16. Bc2 Rad8 17. Bg5 c5 18. d5 Bc8 19. Rad1 Rfe8 20. Ba4 Rf8 21. Ne4 Nxe4 22. Qxe4 Bxg5 23. Nxg5 h6 24. h5 f5 25. Qe3 Nf4 26. Nxe6 Nxe6 27. dxe6 Rxd1 28. Rxd1 Qe7 29. Bd7 Rd8 30. Qd3 Bb7 31. Qxf5 Rf8 32. Qg4 Qf6 33. Rd2 Qe5 34. Re2 Qd6 35. e7 Qd1+ 36. Kh2 Qd6+ 37. f4 1-0

[Event "Santa Catarina State-ch 62nd"]
[Site "Concordia"]
[Date "2018.02.22"]
[Round "1"]
[White "Maldaner, Matheus Atie Rizzo"]
[Black "Arndt, Claudio Felipe"]
[Result "1/2-1/2"]
[WhiteElo "1752"]
[BlackElo "1780"]
[PlyCount "101"]
[EventDate "2018.02.22"]
[EventType "swiss"]
[EventRounds "7"]
[EventCountry "BRA"]
[SourceTitle "CBM 183 Extra"]
[Source "ChessBase"]
[SourceDate "2018.04.19"]
[SourceVersion "1"]
[SourceVersionDate "2018.04.19"]
[SourceQuality "1"]

1. d4 Nf6 2. Bf4 g6 3. e3 Bg7 4. Nf3 0-0 5. Be2 d6 6. h3 Nfd7 7. c3 e5 8. Bh2 Nc6 9. Nbd2 f5 10. Qb3+ Kh8 11. a4 e4 12. Ng1 Nf6 13. Bf4 h6 14. h4 Nh7 15. g4 Na5 16. Qd1 Be6 17. g5 h5 18. Nh3 Bf7 19. b4 Nc6 20. Bg3 Ne7 21. Nf4 c5 22. Rc1 cxb4 23. cxb4 Rc8 24. Bc4 Bxc4 25. Nxc4 d5 26. Ne6 Qe8 27. Nxf8 dxc4 28. Nxh7 Kxh7 29. a5 Nd5 30. Bd6 Qc6 31. Be5 Bf8 32. 0-0 Bxb4 33. Ra1 b6 34. axb6 Qxb6 35. Qa4 Ne7 36. Qxa7 Qc6 37. Qa6 Qd7 38. Rac1 c3 39. Rc2 Nd5 40. Ra1 f4 41. Qa7 Nc7 42. Bxc7 Qg4+ 43. Kh1 Qh3+ 44. Kg1 Qg4+ 45. Kh1 Qh3+ 46. Kg1 Qg4+ 47. Kh1 Qxh4+ 48. Kg1 Qg4+ 49. Kh1 Qh3+ 50. Kg1 Qg4+ 51. Kh1 1/2-1/2